<The> Essence of Operations Management
Saved in:
| Main Author: | |
|---|---|
| Format: | Book |
| Language: | English |
| Published: |
New York
Prentice Hall
1993
|
| Edition: | 1. ed. |
| Series: | <The> Essence of Management Series
|
| Subjects: | |
| Tags: |
No Tags, Be the first to tag this record!
|
MARC
| LEADER | 00000nam a2200000 4500 | ||
|---|---|---|---|
| 001 | c020089 | ||
| 005 | 20221206075456.5 | ||
| 020 | |a 0-13-284845-7 | ||
| 041 | 0 | |a eng | |
| 044 | |a US | ||
| 245 | 1 | 0 | |a <The> Essence of Operations Management |c Terry Hill |
| 250 | |a 1. ed. | ||
| 264 | 1 | |a New York |b Prentice Hall |c 1993 | |
| 300 | |a 143 s. | ||
| 490 | 1 | |a <The> Essence of Management Series | |
| 830 | 0 | |a <The> Essence of Management Series | |
| 610 | 2 | 0 | |a riadenie operatívne |
| 610 | 2 | 0 | |a riadenie priemyslu |
| 610 | 2 | 0 | |a riadenie výroby |
| 610 | 2 | 0 | |a manažment |
| 610 | 2 | 0 | |a plánovanie |
| 610 | 2 | 0 | |a kontrola |
| 610 | 2 | 0 | |a kontrola výroby |
| 100 | 1 | |a Hill, Terry | |